|
|
|
|
| LEADER |
00000cam a2200000 7i4500 |
| 001 |
0000009422 |
| 005 |
20160330.0 |
| 008 |
070927 |
| 020 |
|
|
|a 0689860943
|
| 090 |
0 |
0 |
|a CAB
|b ENG (8270)
|
| 100 |
1 |
|
|a Cabot, Meg
|
| 245 |
1 |
0 |
|a Missing
|c Meg Cabot
|
| 260 |
|
|
|a London :
|b Simon and Schuster ,
|c 2004
|
| 500 |
|
|
|a Teenager ages 13-18 years old (blue)
|
| 650 |
|
0 |
|a English fiction
|
| 999 |
|
|
|a 0000998461
|b Book
|c Teenagers
|e Perbadanan Perpustakaan Awam Johor
|
| 999 |
|
|
|a 0000998462
|b Book
|c Teenagers
|e Perbadanan Perpustakaan Awam Johor
|
| 999 |
|
|
|a 0000998463
|b Book
|c Teenagers
|e Perbadanan Perpustakaan Awam Johor
|